| 000 | 00510pab a2200157 454500 | ||
|---|---|---|---|
| 008 | 180718b2017 xxu||||| |||| 00| 0 eng d | ||
| 100 | _aEisenstadt, Todd A. | ||
| 245 | _aPublic opinion, vulnerability, and living with extraction on Ecuador's oil frontier: where the debate between development and environmentalism gets personal | ||
| 260 | _c2017 | ||
| 300 | _ap.231-251. | ||
| 362 | _aJan | ||
| 650 | _aEnvironment | ||
| 700 | _aWest, Karleen Jones | ||
| 773 | _aComparative Politics | ||
| 909 | _a113746 | ||
| 999 |
_c113740 _d113740 |
||